000 00311nam a22001337a 4500
008 260409b |||||||| |||| 00| 0 eng d
040 _aRCL
082 _a330.954 R88I
100 _aRuddar Dutt
_930551
245 _aIndian Economy
260 _aNew Delhi
_bS.Chand & Co.
_c1984
300 _a811p.
942 _cBK
999 _c48153
_d48153